<?xml version="1.0" encoding="UTF-8"?>
<record
    xmlns:xsi="http://www.w3.org/2001/XMLSchema-instance"
    xsi:schemaLocation="http://www.loc.gov/MARC21/slim http://www.loc.gov/standards/marcxml/schema/MARC21slim.xsd"
    xmlns="http://www.loc.gov/MARC21/slim">

  <leader>00461nam a2200157Ia 4500</leader>
  <controlfield tag="008">230718s9999    xx            000 0 und d</controlfield>
  <datafield tag="041" ind1=" " ind2=" ">
    <subfield code="a">eng</subfield>
  </datafield>
  <datafield tag="082" ind1=" " ind2=" ">
    <subfield code="a">621.902</subfield>
    <subfield code="b">JOS</subfield>
  </datafield>
  <datafield tag="100" ind1=" " ind2=" ">
    <subfield code="a">Joshi P.H.</subfield>
    <subfield code="9">150123</subfield>
  </datafield>
  <datafield tag="245" ind1=" " ind2=" ">
    <subfield code="a">Machine Tools Handbook</subfield>
    <subfield code="b">Design And Operation</subfield>
  </datafield>
  <datafield tag="260" ind1=" " ind2=" ">
    <subfield code="c">2007</subfield>
    <subfield code="b">Tata McGraw Hill</subfield>
  </datafield>
  <datafield tag="300" ind1=" " ind2=" ">
    <subfield code="a">732</subfield>
    <subfield code="d">Ref 80 M (35610)</subfield>
  </datafield>
  <datafield tag="365" ind1=" " ind2=" ">
    <subfield code="c">Rs.</subfield>
    <subfield code="b">895.00</subfield>
  </datafield>
  <datafield tag="700" ind1=" " ind2=" ">
    <subfield code="a">Joshi P.H.</subfield>
    <subfield code="9">150123</subfield>
  </datafield>
  <datafield tag="906" ind1=" " ind2=" ">
    <subfield code="d">O:0067006-Mar-2010B:105224-Feb-2010</subfield>
    <subfield code="c">MECH</subfield>
    <subfield code="b">223.75</subfield>
  </datafield>
  <datafield tag="999" ind1=" " ind2=" ">
    <subfield code="c">324403</subfield>
    <subfield code="d">324403</subfield>
  </datafield>
  <datafield tag="952" ind1=" " ind2=" ">
    <subfield code="0">0</subfield>
    <subfield code="1">0</subfield>
    <subfield code="2">ddc</subfield>
    <subfield code="3">Ref 80 M (35610)</subfield>
    <subfield code="4">0</subfield>
    <subfield code="7">3</subfield>
    <subfield code="a">CCEP</subfield>
    <subfield code="b">CCEP</subfield>
    <subfield code="d">2010-03-06</subfield>
    <subfield code="e">Pradeep Book Distributors</subfield>
    <subfield code="f">MECH</subfield>
    <subfield code="g">671.25</subfield>
    <subfield code="i">1052</subfield>
    <subfield code="o">621.902</subfield>
    <subfield code="p">CCEP-BK-35610</subfield>
    <subfield code="r">2023-07-18 00:00:00</subfield>
    <subfield code="t">223.75</subfield>
    <subfield code="v">895.00</subfield>
    <subfield code="w">2010-02-24</subfield>
    <subfield code="y">BK</subfield>
    <subfield code="z">035610</subfield>
  </datafield>
</record>
